000
00206 a2200097 4500
001
18002
100
_a
Abbott, I H
245
_a
Theory of wing secti
260
_a
_b
Dover Pub Inc
_c
090
_c
13306
_d
13306
942
_a
NUST-CAE
_c
M
_c
3677
999
_c
253075
_d
253075